The Image Processing and Analysis Cookbook (E-Book) (Record no. 191414)
[ view plain ]
| 000 -LEADER | |
|---|---|
| fixed length control field | 00723 a2200145 4500 |
| 003 - CONTROL NUMBER IDENTIFIER | |
| control field | Nust |
| 005 - DATE AND TIME OF LATEST TRANSACTION | |
| control field | 20170207154015.0 |
| 040 ## - CATALOGING SOURCE | |
| Transcribing agency | Nust |
| 100 ## - MAIN ENTRY--PERSONAL NAME | |
| Personal name | John C. Russ |
| 245 ## - TITLE STATEMENT | |
| Title | The Image Processing and Analysis Cookbook (E-Book) |
| Remainder of title | Companion to The Image Processing Toolkit (Version 3.0) |
| Statement of responsibility, etc. | John C. Russ |
| 260 ## - PUBLICATION, DISTRIBUTION, ETC. | |
| Name of publisher, distributor, etc. | North Carolina State University |
| Date of publication, distribution, etc. | 1996 |
| 300 ## - PHYSICAL DESCRIPTION | |
| Extent | 11,p |
| 505 ## - FORMATTED CONTENTS NOTE | |
| Formatted contents note | Part 1 - Image Acquisition and Display - Part 2 - Processing to correct defects - Part 3 - Processing for image enhancement - Part 4 - Frequency space processing - Part 5 - Thresholding and segmentation - Part 6 - Binary image processing - Part 7 - Stereology and global properties - Part 8 - Feature-specific measurements |
| 651 ## - SUBJECT ADDED ENTRY--GEOGRAPHIC NAME | |
| Geographic name | E-Book |
| 942 ## - ADDED ENTRY ELEMENTS (KOHA) | |
| Source of classification or shelving scheme | |
| Koha item type | Book |
| Withdrawn status | Lost status | Source of classification or shelving scheme | Damaged status | Not for loan | Collection code | Permanent Location | Current Location | Date acquired | Total Checkouts | Barcode | Date last seen | Price effective from | Koha item type |
|---|---|---|---|---|---|---|---|---|---|---|---|---|---|
| Military College of Signals (MCS) | Military College of Signals (MCS) | 12/12/2016 | MCSEB-453 | 12/08/2016 | 12/12/2016 | Book |
